000 00501nam a22001577a 4500
005 20241031155234.0
008 241031b |||||||| |||| 00| 0 eng d
020 _a9780748736096
050 _aQA76.28 DOY
100 _aDoyle, Stephen
245 _aUnderstanding Information & Communication Technology/
_cStephen Doyle
260 _aUnited Kingdom
_bNelson Thornes Ltd.
_c2001
300 _avii.344pages
_bill. some color
_c26cm
650 _2Information Communication and Technology
942 _2lcc
_cBK
_n0
999 _c480
_d480